000 00769nam a2200265 i 4500
001 bg
100 1 _aGodlewski, Jan
_d(1945- ).
245 1 0 _aGeneracja i detekcja promieniowania optycznego /
_cJan Godlewski.
260 _aWarszawa :
_bWydaw. Naukowe PWN,
_c1997.
300 _a196 s. :
_brys., wykr. ;
_c24 cm.
504 _aBibliogr. s. 195-196.
650 9 _aDetektory promieniowania
650 9 _aFale elektromagnetyczne
650 9 _aLampy elektryczne
650 9 _aLasery
650 9 _aŚwiatło
_xzagadnienia
655 _aPodręczniki akademickie
020 _a8301124350
040 _cBPK
041 0 _apl
080 _a537.86:621.37:535:621.32](075.8)
920 _a83-01-12435-0
942 _cKS
008 s pl f |000 0 pol
999 _c36094
_d36094
856 _uhttp://koha.tu.koszalin.pl/cgi-bin/koha/opac-detail.pl?biblionumber=36094
_yKatalog online BPK